Experimental physical chemistry

Saved in:
Bibliografiske detaljer
Main Authors: Daniels, Farrington (Author), Williams, J. W (Author), Bender, Paul (Author), Alberty, Robert A (Author), Mathews, Joseph Howard (Author), Murphy, George W. (Author)
Format: Bog
Sprog:engelsk
Udgivet: Nueva York McGraw-Hill 1949
Udgivelse:4a. ed
Fag:
Tags: Tilføj Tag
Ingen Tags, Vær først til at tagge denne postø!

MARC

LEADER 00000nam a2200000 a 4500
001 UCT4074
003 CL-VaPUC
008 961108e19490000US |||||||||||||||||eng|d
082 0 4 |a 541.3  |b DAN  |2 21 
100 0 |a Daniels, Farrington  |e author  |9 373178 
700 0 |a Williams, J. W  |e author  |9 373179 
700 0 |a Bender, Paul  |e author  |9 373180 
700 0 |a Alberty, Robert A  |e author  |9 373181 
700 0 |a Mathews, Joseph Howard  |e author  |9 373182 
700 |a Murphy, George W.  |e author  |9 373183 
245 1 0 |a Experimental physical chemistry 
250 |a 4a. ed 
300 |a 568 p 
942 |c BK 
945 |d 19961108 00:00:00  |a lriquelm 
260 |a Nueva York  |b McGraw-Hill  |c 1949 
650 0 |a Química física  |9 260596 
650 0 |a Manuales  |9 257144 
650 7 |a LABORATORIOS DE ENSAYO  |2 CL-VaPUC  |9 345454 
650 7 |a ENSAYOS DE LABORATORIO  |2 CL-VaPUC  |9 262663 
650 0 |a Termoquímica  |9 337401 
650 0 |a Espectroscopía  |9 306791 
650 7 |a QUIMICA NUCLEAR  |2 CL-VaPUC  |9 373184 
650 0 |a Termoquímica  |9 337401 
583 |a last modification  |c 19961108 00:00:00  |k Rodrigo Vera 
999 |c 253521  |d 253519 
952 |0 0  |1 0  |4 0  |6 541_300000000000000_DAN_1949  |7 0  |8 A  |9 274413  |a BIBCUR  |b BIBCUR  |d 2019-11-19  |i 1786172  |o 541.3 DAN 1949  |p 1786172  |r 2025-04-22  |w 2019-11-19  |y BK  |k QUI